Engineering in Extreme Environments (Запис № 579938)

МАРК-запис
000 -LEADER
fixed length control field 02604nas a22002775i 4500
001 - CONTROL NUMBER
control field 3120-4902
003 - CONTROL NUMBER IDENTIFIER
control field DE-He213
005 - DATE AND TIME OF LATEST TRANSACTION
control field 20260304140624.0
007 - PHYSICAL DESCRIPTION FIXED FIELD--GENERAL INFORMATION
fixed length control field cr nn 008mamaa
008 - FIXED-LENGTH DATA ELEMENTS--GENERAL INFORMATION
fixed length control field 260127s||||||||si uu poo|||||| b|EN |d
022 ## - INTERNATIONAL STANDARD SERIAL NUMBER
International Standard Serial Number 3120-4902
024 7# - OTHER STANDARD IDENTIFIER
Standard number or code 44567
Source of number or code local
210 10 - ABBREVIATED TITLE
Abbreviated title Eng. Extreme Environ.
245 10 - TITLE STATEMENT
Title Engineering in Extreme Environments
Medium [electronic resource] /
Statement of responsibility, etc edited by Frank Cheng, P. G. Ranjith, Hong Guo.
264 #1 -
-- Singapore :
-- Springer Nature Singapore :
-- Imprint: Springer.
300 ## - PHYSICAL DESCRIPTION
Other physical details online resource.
520 ## - SUMMARY, ETC.
Summary, etc Engineering in Extreme Environments (EEE) addresses the critical challenges of designing, constructing, and operating infrastructure and systems in extreme environmental conditions. The journal focuses on engineering solutions for environments including arctic and polar regions, deserts, high-altitude locations, deep sea, space, and areas with extreme temperatures, pressures, or chemical conditions. The journal serves as a platform for researchers and practitioners to share engineering innovations, design methodologies, and practical experiences in extreme environments. Engineering in Extreme Environments publishes high-quality research focused exclusively on engineering design, analysis, and performance of systems operating under extreme physical conditions. Core Engineering Areas Structural design and integrity under extreme mechanical, thermal, or radiative loads Thermal-fluid systems for cryogenic, re-entry, or ultra-high-temperature environments Power, propulsion, and control systems engineered for reliability in harsh isolation Materials selection, fatigue, and corrosion resistance within engineered structures Electrical, communication, and sensing systems for extreme-environment infrastructure Life support and human factors engineering for hazardous operations Risk assessment, resilience, and life-cycle management of extreme-environment infrastructure Target Environments Arctic/Antarctic, Deep Ocean, Deep Underground, Space, High-altitude, Deserts, Nuclear Facilities, Offshore Platforms, Volcanic Regions, and Disaster Zones.
650 #0 - SUBJECT ADDED ENTRY--TOPICAL TERM
Topical term or geographic name as entry element Civil engineering.
650 14 - SUBJECT ADDED ENTRY--TOPICAL TERM
Topical term or geographic name as entry element Civil Engineering.
700 1# - ADDED ENTRY--PERSONAL NAME
Personal name Cheng, Frank.
Relator term editor.
Relator code edt
-- http://id.loc.gov/vocabulary/relators/edt
9 (RLIN) 24070
700 1# - ADDED ENTRY--PERSONAL NAME
Personal name Ranjith, P. G.
Relator term editor.
Relator code edt
-- http://id.loc.gov/vocabulary/relators/edt
9 (RLIN) 24071
700 1# - ADDED ENTRY--PERSONAL NAME
Personal name Guo, Hong.
Relator term editor.
Relator code edt
-- http://id.loc.gov/vocabulary/relators/edt
9 (RLIN) 24072
710 2# - ADDED ENTRY--CORPORATE NAME
Corporate name or jurisdiction name as entry element SpringerLink (Online service)
856 40 - ELECTRONIC LOCATION AND ACCESS
Uniform Resource Identifier <a href="http://link.springer.com/journal/44567">http://link.springer.com/journal/44567</a>
Public note Open Access

Немає доступних примірників.